000 01001nam a2200241Ii 4500
003 JO-AjNU
008 230605s9999||||xx |||||||||||||| ||und||
017 _a2022/1/370
020 _a978-9957-94-782-8
040 _aJO-AjNU
_bara
_erda
_cJO-AjNU
041 _aara
050 1 4 _aG155.2022
100 3 _aابو هليل، عليا عودة ,
_eauthor
_963753
245 0 0 _aالموارد البشرية في السياحة الاردنية
250 _aالطبعة الاولى
264 3 1 _aعمان: وزارة الثقافة، 2022
300 _a169ص
_bيحتوي على قائمة مراجع وملاحق من ص 149-169ص
336 _atext
_btxt
_2rdacontent
337 _aunmediated
_bn
_2rdamedia
338 _avolume
_bnc
_2rdacarrier
490 0 _aسلسلة فكر ومعرفة 2022 من منشورات وزارة الثقافة
650 4 _aالتعليم السياحي-الكليات الجامعية-صناعة السياحة-التعليم العالي-الاردن
_963754
999 _aA28935
_c32503
_d32503